000 00350pab a2200157 454500
008 180718b2005 xxu||||| |||| 00| 0 eng d
100 _aHamid, Saiyid
245 _aMuslim education in India
260 _c2005
300 _ap.37-38.
362 _aSep
650 _aEducation - India
650 _aEducation
773 _aYojana
909 _a66711
999 _c66711
_d66711